000 00612nam a2200229Ia 4500
003 OSt
005 20221007070213.0
006 a|||||r|||| 00| 0
007 ta
008 221006b |||||||| |||| 00| 0 eng d
024 _a15,264
037 _cTextual
040 _aFLL
_cFLL
_beng
041 _2eng
_aeng
082 _aX:9585.1, H8
100 _aThomas A. Au.
_9687242
245 0 _aInternational social policy
260 _aGeneva
_bInternational labour office Geneva
_c1948
300 _a162p
_ccm.
942 _hX:9585.1, H8
_cTEXL
_2CC
999 _c1139771
_d1139771